Road Signs of the United States by Picture - Statistics

General Stats
  • This quiz has been taken 530 times
    500 since last reset
  • The average score is 15 of 32
Answer Stats
Picture Answer % Correct
No U-turn
96%
Stop Ahead
88%
Circular Intersection
81%
Wear Seat Belt
77%
Railroad Crossing
75%
Hospital
74%
School Zone
73%
Workers in Road Ahead
73%
Fire Station
64%
Playground
63%
Road Slippery When Wet
62%
School Bus Stop Ahead
56%
Merge
55%
Two-way Traffic
48%
Steep Grade
47%
Night Speed Limit
46%
No Hitch Hiking
42%
Falling Rocks
41%
Tow Away Zone
41%
Moose Crossing
39%
Flagger in Road Ahead
38%
Winding Road
36%
No Rollerblading
33%
Keep Right
27%
Golf Cart Crossing
25%
Divided Highway
23%
Road Narrows
23%
Snowmobile Crossing
21%
Low Clearance
13%
Do Not Drive on Tracks
12%
Hairpin Curve
10%
Hazardous Material Route
10%
No matching quizzes found
Score Distribution
Percent of People with Each Score
Percentile by Number Answered
Your Score History
You have not taken this quiz since the last reset